000 00418nam a2200181Ia 4500
001 17701
005 20260306171536.0
008 260306s9999||||xx |||||||||||||| ||und||
041 _aESP
082 _a658.15
_bG51
100 _aGitman, Lawrence J.
_eAUT
245 0 _aPrincipios de administración financiera
260 _c2012
300 _a
_c
650 _aGEN
654 _aCAN
942 _cLIB
_dJUS
_fJUS
_2ddc
_n
999 _c17701
_d17701